Statystyki dla TheFatRat - Wszystkie piosenki

Kliknij tutaj aby rozwiązać quiz!

Ogólne statystyki

  • Ten quiz został rozwiązany 10 razy
  • Średni wynik to 18 z 47

Statystyki odpowiedzi

Tytuł piosenki% Poprawnych
Monody
100%
Fly Away
86%
Unity
86%
Xenogenesis
86%
Hiding In The Blue
71%
Jackpot
71%
MAYDAY
71%
No No No
71%
The Calling
71%
Never Be Alone
57%
Our Song
57%
The Storm
57%
Windfall
57%
Arcadia
43%
Chosen
43%
Prelude
43%
Pride & Fear
43%
Stronger
43%
Time Lapse
43%
Violet Sky
43%
We'll Meet Again
43%
Afterlife
29%
Close To The Sun
29%
Electrified
29%
Infinite Power
29%
Nemesis
29%
Rise Up
29%
Rule The World
29%
Sunlight
29%
Upwind
29%
Warbringer
29%
Ascendancy
14%
Dancing Naked
14%
Elegy
14%
Elevate
14%
Envelope
14%
Epic
14%
Kingdom Come
14%
Origin
14%
Origin Reprise
14%
Solitude
14%
Splinter
14%
Threnody
14%
Warrior Song
14%
Mad Moon Falling
0%
Oblivision
0%
Reminiscene
0%

Rozkład punktacji

Percentyl według liczby udzielonych odpowiedzi

Procent ludzi z każdym wynikiem

Twoja historia wyników

Nie rozwiązałeś tego quizu